Am Puls der Zeit?!: Trends, Transfer und Tradition in der Kriminologie
Die 18. Wissenschaftliche Fachtagung der Kriminologischen Gesellschaft (KrimG) trug den Titel Am Puls der Zeit?! Trends, Transfer und Tradition in der Kriminologie und wurde Ende September 2024 vom Institut für Kriminologie der Universität Tübingen ausgerichtet. An drei Tagen diskutierten mehr als 2...
| 1. VerfasserIn: | |
|---|---|
| Körperschaften: | ; |
| Beteiligte: | ; ; ; ; ; |
| Medienart: | Elektronisch Buch |
| Sprache: | Deutsch Englisch |
| Veröffentlicht: |
Mönchengladbach
Forum Verlag Godesberg
2025
|
| In: |
Neue kriminologische Schriftenreihe der Kriminologischen Gesellschaft e. V. (Band 120)
Jahr: 2025 |
| Online-Zugang: |
Volltext (kostenfrei) Volltext (kostenfrei) Volltext (kostenfrei) Volltext (kostenfrei) |
| Verfügbarkeit prüfen: | HBZ Gateway |
| Bände / Aufsätze: | Bände / Aufsätze anzeigen. |
| Schlagwörter: | |
| Parallele Ausgabe: | Nicht-Elektronisch
|
MARC
| LEADER | 00000cam a2200000 c 4500 | ||
|---|---|---|---|
| 001 | 1933286687 | ||
| 003 | DE-627 | ||
| 005 | 20251227190034.0 | ||
| 007 | cr uuu---uuuuu | ||
| 008 | 250815s2025 gw |||||o 00| ||ger c | ||
| 020 | |a 9783964100474 |9 978-3-96410-047-4 | ||
| 024 | 7 | |a urn:nbn:de:bsz:21-dspace-1690230 |2 urn | |
| 024 | 7 | |a 10.15496/publikation-110350 |2 doi | |
| 024 | 7 | |a 10900/169023 |2 hdl | |
| 035 | |a (DE-627)1933286687 | ||
| 035 | |a (DE-599)KXP1933286687 | ||
| 040 | |a DE-627 |b ger |c DE-627 |e rakwb | ||
| 041 | |a ger |a eng | ||
| 044 | |c XA-DE-NW | ||
| 082 | 0 | |a 340 |q SEPA | |
| 084 | |a 2,1 |2 ssgn | ||
| 084 | |a PH 8000 |q SEPA |2 rvk |0 (DE-625)rvk/136482: | ||
| 111 | 2 | |a Kriminologische Gesellschaft |e Wissenschaftliche Fachtagung |n 18. |d 2024 |c Tübingen |j VerfasserIn |0 (DE-588)1373917342 |0 (DE-627)1933289759 |4 aut | |
| 245 | 1 | 0 | |a Am Puls der Zeit?! |b Trends, Transfer und Tradition in der Kriminologie |c herausgegeben von Thaya Vester, Jörg kinzig, Jennifer Grafe, benedikt Iberl, Sarah Schreier und Katharina Stelzel ; mit Beiträgen von Irmela Abrell [und vielen weiteren] |
| 264 | 1 | |a Mönchengladbach |b Forum Verlag Godesberg |c 2025 | |
| 300 | |a 1 Online-Ressource (XX, 703 Seiten) |b Illustrationen | ||
| 336 | |a Text |b txt |2 rdacontent | ||
| 337 | |a Computermedien |b c |2 rdamedia | ||
| 338 | |a Online-Ressource |b cr |2 rdacarrier | ||
| 490 | 1 | |a Neue Kriminologische Schriftenreihe der Kriminologischen Gesellschaft e.V. |v Band 120 | |
| 520 | |a Die 18. Wissenschaftliche Fachtagung der Kriminologischen Gesellschaft (KrimG) trug den Titel Am Puls der Zeit?! Trends, Transfer und Tradition in der Kriminologie und wurde Ende September 2024 vom Institut für Kriminologie der Universität Tübingen ausgerichtet. An drei Tagen diskutierten mehr als 270 Teilnehmerinnen und Teilnehmer darüber, welche neuen Phänomene die Gesellschaft aktuell herausfordern und welche unterschiedlichen Trends sich aus diesen gesellschaftlichen Umwälzungen für die kriminologische Forschung der Zukunft ableiten lassen. Zugleich wurden den kriminologischen Kernthemen sowie der Auseinandersetzung mit der Tradition dieser Wissenschaft Raum geboten. Ein weiterer Tagungsschwerpunkt beschäftigte sich mit der Frage, wie gewonnene Erkenntnisse so in die Praxis transferiert werden können, dass Politik und Gesellschaft davon (noch mehr) profitieren.Der vorliegende Band enthält die im Rahmen der Tagung gehaltenen Plenarvorträge sowie in etwa die Hälfte aller Panelvorträge. Des Weiteren finden sich im Band die Laudationes für die Beccaria-Preisträger. | ||
| 520 | |a The 18th Scientific Conference of the Criminological Society (KrimG) was entitled "In Touch with the Times?! Trends, Transfer, and Tradition in Criminology" and was hosted by the Institute of Criminology at the University of Tübingen at the end of September 2024. Over three days, more than 270 participants discussed the new phenomena currently challenging society and the various trends that can be derived from these social upheavals for future criminological research. At the same time, space was given to core criminological topics and to examine the tradition of this discipline. Another focus of the conference addressed the question of how the findings can be transferred into practice so that politics and society benefit (even more). This volume contains the plenary lectures given at the conference as well as approximately half of all panel presentations. The volume also includes the laudationes for the Beccaria Prize winners. [Mit KI übersetzt] | ||
| 650 | 0 | 7 | |0 (DE-588)4010452-7 |0 (DE-627)106357816 |0 (DE-576)208888128 |a Computerkriminalität |2 gnd |
| 650 | 0 | 7 | |0 (DE-588)4123065-6 |0 (DE-627)105757853 |0 (DE-576)209556587 |a Digitalisierung |2 gnd |
| 650 | 0 | 7 | |0 (DE-588)4048171-2 |0 (DE-627)106192035 |0 (DE-576)209076445 |a Radikalismus |2 gnd |
| 650 | 0 | 7 | |0 (DE-588)4563128-1 |0 (DE-627)305134345 |0 (DE-576)213741776 |a Hate Crime |2 gnd |
| 650 | 0 | 7 | |0 (DE-588)4125279-2 |0 (DE-627)10574140X |0 (DE-576)209575247 |a Jugendstrafverfahren |2 gnd |
| 650 | 0 | 7 | |0 (DE-588)4033181-7 |0 (DE-627)106258575 |0 (DE-576)20900052X |a Kriminalpolitik |2 gnd |
| 650 | 0 | 7 | |0 (DE-588)4033178-7 |0 (DE-627)10458503X |0 (DE-576)209000511 |a Kriminalität |2 gnd |
| 650 | 0 | 7 | |0 (DE-588)4076308-0 |0 (DE-627)104364106 |0 (DE-576)209201428 |a Prävention |2 gnd |
| 650 | 0 | 7 | |0 (DE-588)4639271-3 |0 (DE-627)330421344 |0 (DE-576)214542661 |a Social Media |2 gnd |
| 650 | 0 | 7 | |0 (DE-588)4116634-6 |0 (DE-627)105805297 |0 (DE-576)209503203 |a Strafverfahren |2 gnd |
| 650 | 0 | 7 | |0 (DE-588)4057808-2 |0 (DE-627)106149415 |0 (DE-576)20912377X |a Strafvollzug |2 gnd |
| 650 | 4 | |a Clankriminalität | |
| 650 | 4 | |a Cybercrime | |
| 650 | 4 | |a Extremismus | |
| 650 | 4 | |a Hasskriminalität | |
| 650 | 4 | |a Kriminalprävention | |
| 650 | 4 | |a Radikalisierung | |
| 650 | 4 | |a Soziale Medien | |
| 655 | 7 | |a Konferenzschrift |y 2024 |z Tübingen |0 (DE-588)1071861417 |0 (DE-627)826484824 |0 (DE-576)433375485 |2 gnd-content | |
| 700 | 1 | |a Vester, Thaya |e HerausgeberIn |0 (DE-588)1032937327 |0 (DE-627)739938622 |0 (DE-576)380407795 |4 edt | |
| 700 | 1 | |a Kinzig, Jörg |d 1962- |e HerausgeberIn |0 (DE-588)11455515X |0 (DE-627)391457969 |0 (DE-576)176038353 |4 edt | |
| 700 | 1 | |a Grafe, Jennifer |d 1994- |e HerausgeberIn |0 (DE-588)126407803X |0 (DE-627)1812498756 |4 edt | |
| 700 | 1 | |a Iberl, Benedikt |e HerausgeberIn |0 (DE-588)1242289887 |0 (DE-627)1772207691 |4 edt | |
| 700 | 1 | |a Schreier, Sarah |e HerausgeberIn |0 (DE-588)1349661279 |0 (DE-627)1909855634 |4 edt | |
| 700 | 1 | |a Stelzel, Katharina |e HerausgeberIn |0 (DE-588)1058712381 |0 (DE-627)797881662 |0 (DE-576)41485036X |4 edt | |
| 700 | 1 | |a Abrell, Irmela |e VerfasserIn |0 (DE-588)1327637065 |0 (DE-627)1887189823 |4 aut | |
| 710 | 2 | |a Kriminologische Gesellschaft |e Herausgebendes Organ |0 (DE-588)1033485675 |0 (DE-627)741310643 |0 (DE-576)381091775 |4 isb | |
| 776 | 1 | |z 9783964100467 | |
| 776 | 1 | |z 3964100463 | |
| 776 | 0 | 8 | |i Erscheint auch als |n Druck-Ausgabe |a Kriminologische Gesellschaft (18. : 2024 : Tübingen) |t Am Puls der Zeit?! |d Mönchengladbach : Forum Verlag Godesberg GmbH, 2025 |h XX, 703 Seiten |w (DE-627)1924578166 |z 9783964100467 |z 3964100463 |k Non-Electronic |
| 810 | 2 | |a Kriminologische Gesellschaft |t Neue kriminologische Schriftenreihe der Kriminologischen Gesellschaft e. V. |v Band 120 |9 120 |w (DE-627)741307839 |w (DE-576)381274675 |w (DE-600)2711725-X |7 am | |
| 856 | 4 | 0 | |u http://krimg.de/drupal/system/files/9783964100474.pdf |x Verlag |z kostenfrei |7 0 |
| 856 | 4 | 0 | |u http://hdl.handle.net/10900/169023 |x Resolving-System |z kostenfrei |3 Volltext |7 0 |
| 856 | 4 | 0 | |u http://nbn-resolving.org/urn:nbn:de:bsz:21-dspace-1690230 |x Resolving-System |z kostenfrei |3 Volltext |7 0 |
| 856 | 4 | 0 | |u https://doi.org/10.15496/publikation-110350 |x Resolving-System |z kostenfrei |3 Volltext |7 0 |
| 936 | r | v | |a PH 8000 |b Schriftenreihen, Serien, Kongressberichte, Sammelwerke |k Rechtswissenschaft |k Strafrecht, Strafverfahrensrecht, Kriminologie |k Kriminologie |k Allgemeines |k Schriftenreihen, Serien, Kongressberichte, Sammelwerke |0 (DE-627)127212715X |0 (DE-625)rvk/136482: |0 (DE-576)20212715X |
| 951 | |a BO | ||
| ELC | |a 1 | ||
| LOK | |0 000 xxxxxcx a22 zn 4500 | ||
| LOK | |0 001 4757438877 | ||
| LOK | |0 003 DE-627 | ||
| LOK | |0 004 1933286687 | ||
| LOK | |0 005 20250815082149 | ||
| LOK | |0 008 250815||||||||||||||||ger||||||| | ||
| LOK | |0 040 |a DE-2619 |c DE-627 |d DE-2619 | ||
| LOK | |0 092 |o n | ||
| LOK | |0 852 |a DE-2619 | ||
| LOK | |0 852 1 |9 00 | ||
| LOK | |0 939 |a 2025-08-15 |b l01 | ||
| OAS | |a 1 | ||
| ORI | |a WA-MARC-krimdokb001.raw | ||
| SPR | |a 1 |t KRI | ||
| TIM | |a 100020240101_100020241231 |b 2024 - 2024 | ||
